• 首页
  • 本馆介绍
  • 公告通知
  • 最新文献
  • 馆藏检索
  • 电子资源
  • 读者导购
  • 参考咨询
  • 我的图书馆
  • 登录
  • 详细信息显示
  • 放入我的书架
  • 预约/预借图书
  • 作者相关作品
  • 分类相关作品
  • 丛书相关作品
  • 出版社相关作品

书目信息

  • 表格格式
  • 工作单格式
  • 卡片格式
题名:
学校管理体制改革与法制建设
    
 
作者: ;全国高校管理体制改革专业委员会 选编
分册:  
出版信息: 北京   北京教育出版社  1997
页数: 324页
开本: 20cm
丛书名:
单 册:
中图分类: G521-53 , G40-012
科图分类:
主题词: 学校管理--体制改革--中国--文集 , 学校管理 , 体制改革
电子资源:
ISBN: 7-5303-1216-2
000 00830nam0 2200229 450
001 0732785537
005 20070707171406.68
010    @a7-5303-1216-2@dCNY14.00
100    @a20070707d1997 km y0chiy0120 ea
101 0  @achi
102    @aCN@b110000
200 1  @a学校管理体制改革与法制建设@Axue xiao guan li ti zhi gai ge yu fa zhi jian she@f全国高校管理体制改革专业委员会选编@Fquan guo gao xiao guan li ti zhi gai ge zhuan ye wei yuan hui xuan bian
210    @a北京@c北京教育出版社@d1997
215    @a324页@d20cm
606 0  @a学校管理@x体制改革@y中国@x文集
606 0  @a学校管理
606 0  @a体制改革
690    @aG521-53@v3
690    @aG40-012@v3
711 02 @a全国高校管理体制改革专业委员会@Aquan guo gao xiao guan li ti zhi gai ge zhuan ye wei yuan hui@4选编
801  0 @aCN@bPFT@c20070707
905    @a10447@dG521-53@e116
    
    学校管理体制改革与法制建设/全国高校管理体制改革专业委员会选编.-北京:北京教育出版社,1997
    324页;20cm
    
    
    ISBN 7-5303-1216-2:CNY14.00
    
●
相关链接 在E读中查询图书 在五车中查询图书 在当当中查询图书 在豆瓣中查询图书


正题名:学校管理体制改革与法制建设     索取号:G521-53/116         预约/预借

序号 登录号 条形码 馆藏地/架位号 状态 备注
1 0766600   207666006   第一样本阅览室/ [索取号:G521-53/116] 在馆    
唐山师范学院图书馆 欢迎您!
大连网信软件有限公司© 版权所有